|
|
|
|
| LEADER |
00000cam a2200000 a 4500 |
| 001 |
vtls001559747 |
| 003 |
SK-MaSNL |
| 005 |
20260302073950.0 |
| 008 |
240226s2004 xo o g 100 jdslo |
| 015 |
|
|
|a SNBA2005/10-04150
|
| 020 |
|
|
|a 8089129269
|q (viaz.)
|
| 035 |
|
|
|a VTK41085
|
| 035 |
|
|
|a urn:nbn:sk:snk-amkp1y
|
| 035 |
|
|
|a urn:nbn:sk:snk-am003wy4
|
| 035 |
|
|
|a B2CD869A-15B1-414F-87AA-1D00747EDB24
|
| 040 |
|
|
|a SNK
|b slo
|c SNK
|e AACR2
|
| 041 |
0 |
|
|a slo
|
| 043 |
|
|
|a e-xo---
|
| 044 |
|
|
|a xo
|c SK
|
| 072 |
|
7 |
|a 82:06
|x Literárne organizácie, súťaže
|2 konspekt
|
| 111 |
2 |
|
|a Poviedka
|n (8 :
|d 2004 :
|c Slovensko)
|9 739008
|
| 245 |
1 |
0 |
|a Poviedka 2004
|b zborník najlepších prác ôsmeho ročníka literárnej súťaže
|
| 250 |
|
|
|a 1. vyd.
|
| 260 |
|
|
|a [Levice]
|b Koloman Kertész Bagala, L.C.A.
|c 2004
|
| 300 |
|
|
|a 154 s.
|b fotogr.
|c 21 cm
|
| 501 |
|
|
|a Miesto vyd. podľa ISBN
|
| 504 |
|
|
|a Biogr. údaje
|
| 650 |
0 |
7 |
|a literárne súťaže
|z Slovensko
|y 2004
|2 SNKPH
|9 739009
|
| 650 |
0 |
7 |
|a slovenské poviedky
|2 SNKPH
|9 111049
|
| 655 |
|
7 |
|a zborníky
|2 SNKPH
|9 70165
|
| 655 |
|
7 |
|a literárne zborníky
|2 SNKPH
|9 278042
|
| 918 |
|
|
|a 80-89129-26-9
|
| 919 |
|
|
|a 8089129269
|
| 958 |
|
|
|a OND
|
| 968 |
|
|
|d 821
|
| 999 |
|
|
|c 1163047
|d 1164977
|
| 952 |
|
|
|a SNK
|b SNK
|y PREZ
|7 0
|p 17A0472882
|o snkSC 120730
|i snk2005/11723
|8 0
|0 0
|1 0
|4 0
|d 2005-07-07
|f 1
|l 0
|r 2025-05-30 00:00:00
|w 2026-02-24
|
| 952 |
|
|
|a SNK
|b SNK
|y PREZ
|7 0
|p 17A0472899
|o snkSC 120730 D1
|i snk2005/11724
|8 0
|0 0
|1 0
|4 0
|d 2005-07-07
|l 0
|r 2026-02-24 20:39:29
|w 2026-02-24
|